| 000 -ლიდერი |
| ფიქსირებული სიგრძის საკონტროლო ველი |
00870nam a2200241Ia 4500 |
| 001 - საკონტროლო ნომერი |
| საკონტროლო ველი |
13361 |
| 003 - საკონტროლო ნომრის იდენტიფიკატორი |
| საკონტროლო ველი |
GE_BSU |
| 005 - ბოლო ოპერაციის თარიღი და დრო |
| საკონტროლო ველი |
20240906122427.0 |
| 008 - ფიქსირებული სიგრძის მონაცემთა ელემენტები - ზოგადი ინფორმაცია |
| ფიქსირებული სიგრძის საკონტროლო ველი |
181216s2014||||ru |||||||||||||| ||rus|| |
| 020 ## - წიგნის საერთაშორისო სტანდარტული ნომერი |
| International Standard Book Number |
9785906016294 |
| 040 ## - კატალოგიზაციის წყარო |
| Transcribing agency |
GE_BSU |
| 041 ## - ენის კოდი |
| Language code of text/sound track or separate title |
rus |
| 080 ## - უნივერსალური ათობითი კლასიფიკაციის ინდექსი |
| Universal Decimal Classification number |
28(075.8) Б-64 |
| 100 ## - მთავარი ჩანაწერი - პიროვნების სახელი |
| Personal name |
Биринджкар, Рида |
| 9 (RLIN) |
23171 |
| 245 ## - ცნობა სათაურის შესახებ |
| Title |
Знакомство с исламскими науками. Капам. Фалсара. Ирфан : |
| Remainder of title |
Уч-ое пособие / |
| Statement of responsibility, etc |
Рида Биринджкар ; Предисл. коммент. и общ. ред. И.А. Таировой |
| 264 ## - წარმოების, გამოცემის, დისტრიბუციის და სხვა ცნობები |
| გამოცემის, წარმოების, დისტრიბუციის... ადგილი |
Москва : |
| გამოცემის, წარმოების, დისტრიბუციის... სახელწოდება |
ООО Садра, |
| გამოცემის, წარმოების, დისტრიბუციის... თარიღი |
2014. |
| 300 ## - ფიზიკური აღწერა |
| Extent |
303 стр. ; |
| Dimensions |
21см. |
| 653 ## - INDEX TERM--UNCONTROLLED |
| Uncontrolled term |
Знакомство с исламскими науками |
| 653 ## - INDEX TERM--UNCONTROLLED |
| Uncontrolled term |
Капам |
| 653 ## - INDEX TERM--UNCONTROLLED |
| Uncontrolled term |
Фалсара |
| 653 ## - INDEX TERM--UNCONTROLLED |
| Uncontrolled term |
Ирфан |
| 942 ## - ADDED ENTRY ELEMENTS (KOHA) |
| Koha item type |
წიგნი |
| Source of classification or shelving scheme |
|